| 000 | 00000nam##2200000za#4500 |
| 001 | 9.661941 |
| 003 | CaOODSP |
| 005 | 20210927150352 |
| 007 | ta |
| 008 | 150407|2000||||xxc||||| f|0| 0 eng|d |
| 020 | |a0-662-65049-2 |
| 040 | |aCaOODSP|beng |
| 041 | |aeng |
| 041 | |afre |
| 043 | |an-cn--- |
| 086 | 1 |aR72-290/2000 |
| 110 | 1 |aCanada. |bIndian and Northern Affairs Canada. |
| 245 | 10|aNorthern Science and Technology in Canada : |bfederal framework and research plan, April 1, 2000 -- March 31, 2002 |
| 260 | |aOttawa - Ontario : |bIndian and Northern Affairs |c2000. |
| 300 | |aEnglish text, 44p. : |billus. ; |c30 cm. |
| 500 | |a"This report was prepared for the Federal Interdepartmental Committee on Northern Science and Technology."--Verso of cover. |
| 520 | 3 |aThis report was prepared for the Federal Interdepartmental Committee on Northern Science and Technology.--Verso of cover |
| 546 | |aBilingual |
| 563 | |aSoftcover |
| 590 | |a00-35|b2000-09-01 |
| 690 | 07|aNorthern Canada|2gcpds |
| 690 | 07|aFunding|2gcpds |
| 690 | 07|aSciences|2gcpds |
| 690 | 07|aTechnology|2gcpds |
| 776 | 0#|tLes sciences et la technologie dans le Nord canadien : |w(CaOODSP)9.642083 |
| 776 | 0#|tNorthern science and technology in Canada : |w(CaOODSP)9.698087 |
| 792 | |tLes sciences et la technologie dans le Nord canadien : |efre|w(CaOODSP)9.661942 |
| 986 | |aQS-8600-000BB-A1 |